[Event "GER-ch54 V05 email"]
[Site "GER email"]
[Date "2022.05.01"]
[Round "?"]
[White "Koch, Hans Georg"]
[Black "Naeter, Burkhard"]
[Result "1/2-1/2"]
[WhiteElo "2078"]
[BlackElo "2086"]
[PlyCount "49"]
[EventDate "2022.05.01"]
[EventType "tourn (corr)"]
[EventRounds "10"]
[EventCountry "GER"]
[SourceTitle "Corr 2024"]
[Source "ChessBase"]
[SourceDate "2023.10.19"]
[SourceVersion "1"]
[SourceVersionDate "2023.10.19"]
[SourceQuality "1"]

1. e4 e5 2. Nf3 Nf6 3. Nxe5 d6 4. Nf3 Nxe4 5. d4 d5 6. Bd3 Nc6 7. 0-0 Be7 8. c4 Nb4 9. Be2 0-0 10. Nc3 Bf5 11. a3 Nxc3 12. bxc3 Nc6 13. Re1 Re8 14. cxd5 Qxd5 15. Bf4 Rac8 16. h3 h6 17. Nd2 Na5 18. Be5 Bd6 19. Bf3 Qb5 20. a4 Qd7 21. Nb3 Nxb3 22. Qxb3 Bxe5 23. dxe5 b6 24. Rad1 Qe6 25. Qxe6 1/2-1/2

[Event "GER-ch54 V05 email"]
[Site "GER email"]
[Date "2022.05.01"]
[Round "?"]
[White "Naeter, Burkhard"]
[Black "Fischer, Jens"]
[Result "1/2-1/2"]
[WhiteElo "2086"]
[BlackElo "1964"]
[PlyCount "83"]
[EventDate "2022.05.01"]
[EventType "tourn (corr)"]
[EventRounds "10"]
[EventCountry "GER"]
[SourceTitle "Corr 2024"]
[Source "ChessBase"]
[SourceDate "2023.10.19"]
[SourceVersion "1"]
[SourceVersionDate "2023.10.19"]
[SourceQuality "1"]

1. d4 Nf6 2. Bg5 d5 3. Bxf6 gxf6 4. Nf3 c5 5. dxc5 Nc6 6. Nbd2 e5 7. e4 Be6 8. exd5 Qxd5 9. Bc4 Qxc5 10. Qe2 0-0-0 11. 0-0-0 Be7 12. c3 Kb8 13. Bxe6 fxe6 14. Nb3 Qb6 15. Rxd8+ Rxd8 16. Nfd2 f5 17. f3 a6 18. Re1 Bf6 19. Kc2 Qb5 20. Nc4 h5 21. g3 h4 22. Kb1 Qd5 23. Ne3 Qb5 24. Qxb5 axb5 25. Nc5 Rd2 26. Nf1 Rd6 27. Kc2 b6 28. Nd3 Rd8 29. g4 Rc8 30. Kd1 Rd8 31. Kc2 h3 32. gxf5 exf5 33. Ne3 Ne7 34. Rg1 Kc7 35. Nb4 Bh4 36. Nd3 Bf6 37. Nd1 Ra8 38. a3 Rh8 39. Rg3 Nd5 40. N1f2 Ne3+ 41. Kc1 Kd7 42. Rxh3 1/2-1/2

[Event "GER-ch52 final email"]
[Site "GER email"]
[Date "2022.04.15"]
[Round "?"]
[White "Egner, Michael"]
[Black "Naeter, Burkhard"]
[Result "1/2-1/2"]
[WhiteElo "2334"]
[BlackElo "2380"]
[PlyCount "91"]
[EventDate "2022.??.??"]
[EventType "tourn (corr)"]
[EventRounds "14"]
[EventCountry "GER"]
[SourceTitle "Corr 2024"]
[Source "ChessBase"]
[SourceDate "2023.10.19"]
[SourceVersion "1"]
[SourceVersionDate "2023.10.19"]
[SourceQuality "1"]

1. d4 d5 2. c4 c6 3. Nf3 Nf6 4. Nbd2 Bf5 5. Nh4 Be4 6. Qb3 Nbd7 7. e3 e5 8. Be2 Qb6 9. c5 Qc7 10. 0-0 Bg6 11. f4 e4 12. Qd1 h5 13. Nxg6 fxg6 14. b4 a6 15. a4 Be7 16. Nb3 Ng8 17. Bd2 Nh6 18. b5 0-0 19. b6 Qc8 20. Na5 Nf6 21. Ra3 Kh7 22. Be1 Nfg8 23. g3 Qd7 24. Kg2 Nf5 25. h3 Ngh6 26. h4 Bf6 27. Bf2 Ng8 28. Rh1 Ngh6 29. Kf1 Qe7 30. Nb3 Rae8 31. Qc2 Kg8 32. Ke1 Rb8 33. Kd2 Ra8 34. Raa1 Rab8 35. Rag1 Qe6 36. Kc1 Ng4 37. Bxg4 hxg4 38. Kb1 Nh6 39. Nc1 Rbe8 40. Ne2 Nf5 41. Rg2 Rf7 42. Qd1 Nh6 43. Nc3 Nf5 44. Ne2 Nh6 45. Nc3 Nf5 46. Ne2 1/2-1/2

[Event "GER-ch52 final email"]
[Site "GER email"]
[Date "2022.04.15"]
[Round "?"]
[White "Hildebrand, Gerald"]
[Black "Naeter, Burkhard"]
[Result "1/2-1/2"]
[WhiteElo "2390"]
[BlackElo "2380"]
[PlyCount "95"]
[EventDate "2022.??.??"]
[EventType "tourn (corr)"]
[EventRounds "14"]
[EventCountry "GER"]
[SourceTitle "Corr 2024"]
[Source "ChessBase"]
[SourceDate "2023.10.19"]
[SourceVersion "1"]
[SourceVersionDate "2023.10.19"]
[SourceQuality "1"]

1. d4 d5 2. c4 c6 3. Nf3 Nf6 4. cxd5 cxd5 5. Nc3 Nc6 6. Bf4 a6 7. e3 Bg4 8. h3 Bxf3 9. Qxf3 e6 10. Bd3 Bd6 11. Bg5 Be7 12. Rc1 Rc8 13. 0-0 0-0 14. a3 h6 15. Bf4 Na5 16. Qe2 Qd7 17. g4 Bd6 18. g5 hxg5 19. Bxg5 Be7 20. f4 Nh7 21. Bxe7 Qxe7 22. f5 Nc4 23. Rf3 Nf6 24. fxe6 fxe6 25. Qg2 Nh7 26. Rg3 Nd6 27. Rc2 Qd7 28. h4 Nf5 29. Rf3 Nf6 30. Rh3 Ne8 31. Qg5 Ned6 32. h5 Qd8 33. Qxd8 Rcxd8 34. Rf2 b5 35. Rhf3 Nc4 36. Nd1 Ncd6 37. Nc3 Nc4 38. Bxf5 Rxf5 39. Rxf5 exf5 40. Rxf5 Nxe3 41. Rg5 Kh7 42. Kf2 Kh6 43. Rg6+ Kxh5 44. Rxg7 Nc2 45. Ne2 Kh6 46. Rg4 b4 47. axb4 Rb8 48. Nf4 1/2-1/2

[Event "GER-ch52 final email"]
[Site "GER email"]
[Date "2022.04.15"]
[Round "?"]
[White "Ketelhoehn, Bernd"]
[Black "Naeter, Burkhard"]
[Result "1/2-1/2"]
[WhiteElo "2370"]
[BlackElo "2380"]
[PlyCount "72"]
[EventDate "2022.??.??"]
[EventType "tourn (corr)"]
[EventRounds "14"]
[EventCountry "GER"]
[SourceTitle "Corr 2024"]
[Source "ChessBase"]
[SourceDate "2023.10.19"]
[SourceVersion "1"]
[SourceVersionDate "2023.10.19"]
[SourceQuality "1"]

1. d4 d5 2. Nf3 Nf6 3. e3 c5 4. Nbd2 cxd4 5. exd4 Qc7 6. c3 Nc6 7. Qc2 Bd7 8. Bd3 Rc8 9. a3 Bg4 10. 0-0 Bh5 11. b3 e6 12. Bb2 Be7 13. c4 0-0 14. c5 a5 15. Bc3 b6 16. b4 bxc5 17. bxc5 Bg6 18. Bxg6 hxg6 19. a4 Nd7 20. Nb3 e5 21. Nxe5 Ndxe5 22. dxe5 d4 23. Nxd4 Nxe5 24. Qe4 Qxc5 25. Nb5 Nc6 26. Rad1 Qb6 27. g3 Bc5 28. h4 Rcd8 29. Kg2 Rfe8 30. Qf3 Ne5 31. Bxe5 Rxe5 32. Rxd8+ Qxd8 33. Rd1 Qc8 34. Nd4 Bxd4 35. Rxd4 Rf5 36. Qe4 Qb8 1/2-1/2

[Event "GER-ch52 final email"]
[Site "GER email"]
[Date "2022.04.15"]
[Round "?"]
[White "Krauss, Heiko"]
[Black "Naeter, Burkhard"]
[Result "1/2-1/2"]
[WhiteElo "2419"]
[BlackElo "2380"]
[PlyCount "78"]
[EventDate "2022.??.??"]
[EventType "tourn (corr)"]
[EventRounds "14"]
[EventCountry "GER"]
[SourceTitle "Corr 2024"]
[Source "ChessBase"]
[SourceDate "2023.10.19"]
[SourceVersion "1"]
[SourceVersionDate "2023.10.19"]
[SourceQuality "1"]

1. d4 d5 2. c4 c6 3. Nf3 Nf6 4. Nc3 e6 5. e3 Nbd7 6. Qc2 Bd6 7. g4 h6 8. Rg1 e5 9. cxd5 cxd5 10. Nb5 Bb8 11. g5 hxg5 12. Nxg5 e4 13. Bd2 Nb6 14. Rc1 Bd7 15. Bb4 Bc6 16. f4 Qd7 17. Qg2 Nh5 18. Be2 Bxb5 19. Nxf7 Qxf7 20. Bxb5+ Kd8 21. Qg5+ Qf6 22. Rc2 Qxg5 23. Rxg5 a5 24. Ba3 Nd7 25. Rxd5 Nhf6 26. Rf5 g6 27. Rg5 a4 28. Rcg2 Nb6 29. Kf2 Bc7 30. Rxg6 Ra5 31. Bf1 Nbd5 32. Rg7 Ne8 33. Rg8 Rh7 34. Be2 Ndf6 35. R8g5 Rh8 36. Bb5 Nd6 37. Be2 Nde8 38. Bb5 Nd6 39. Be2 Nde8 1/2-1/2

[Event "GER-ch52 final email"]
[Site "GER email"]
[Date "2022.04.15"]
[Round "?"]
[White "Naeter, Burkhard"]
[Black "Bissmann, Stefan"]
[Result "1/2-1/2"]
[WhiteElo "2380"]
[BlackElo "2384"]
[PlyCount "54"]
[EventDate "2022.??.??"]
[EventType "tourn (corr)"]
[EventRounds "14"]
[EventCountry "GER"]
[SourceTitle "Corr 2024"]
[Source "ChessBase"]
[SourceDate "2023.10.19"]
[SourceVersion "1"]
[SourceVersionDate "2023.10.19"]
[SourceQuality "1"]

1. e4 e5 2. Nf3 Nc6 3. d4 exd4 4. Nxd4 Bc5 5. Nxc6 bxc6 6. Bd3 d6 7. 0-0 Nf6 8. Nc3 Ng4 9. h3 Ne5 10. Na4 Bb6 11. Be2 0-0 12. b3 Ng6 13. Nxb6 axb6 14. a4 Re8 15. Qd2 Qf6 16. Rb1 Bb7 17. f3 d5 18. Bd3 Qd6 19. Qf2 Nf4 20. Bxf4 Qxf4 21. Rfe1 c5 22. exd5 Bxd5 23. Rxe8+ Rxe8 24. a5 bxa5 25. Qxc5 c6 26. Rd1 Qb4 27. Qxb4 axb4 1/2-1/2

[Event "GER-ch52 final email"]
[Site "GER email"]
[Date "2022.04.15"]
[Round "?"]
[White "Naeter, Burkhard"]
[Black "Zielinski, Sergej"]
[Result "1/2-1/2"]
[WhiteElo "2380"]
[BlackElo "2365"]
[PlyCount "87"]
[EventDate "2022.??.??"]
[EventType "tourn (corr)"]
[EventRounds "14"]
[EventCountry "GER"]
[SourceTitle "Corr 2024"]
[Source "ChessBase"]
[SourceDate "2023.10.19"]
[SourceVersion "1"]
[SourceVersionDate "2023.10.19"]
[SourceQuality "1"]

1. e4 e5 2. Nf3 Nf6 3. Nxe5 d6 4. Nf3 Nxe4 5. Nc3 Nxc3 6. dxc3 Be7 7. Be3 0-0 8. Qd2 Nd7 9. 0-0-0 c6 10. c4 Nc5 11. Bxc5 dxc5 12. Qf4 Qa5 13. a3 Be6 14. Ng5 b5 15. cxb5 Bxg5 16. Qxg5 c4 17. Qd2 Qxb5 18. f4 Bg4 19. Re1 Rae8 20. Rxe8 Rxe8 21. Qc3 Be6 22. Be2 Bd5 23. Bf3 Bxf3 24. Qxf3 h5 25. g3 Qc5 26. Rd1 Re3 27. Qf2 Qe7 28. Qd2 Re2 29. Qd8+ Qxd8 30. Rxd8+ Kh7 31. Rd2 Re3 32. Rd4 c3 33. bxc3 Re2 34. Rd2 Rxd2 35. Kxd2 Kg6 36. Ke2 Kf5 37. Kf3 c5 38. h3 Ke6 39. c4 f5 40. g4 hxg4+ 41. hxg4 g6 42. Kg3 Kf6 43. Kf3 a6 44. g5+ 1/2-1/2